| 000 | 00541nmm a2200157Ia 4500 | ||
|---|---|---|---|
| 008 | 251105s9999||||xx |||||||||||||||||und|| | ||
| 041 | _aspa | ||
| 100 | _aCastro Cuenca, Carlos Guillermo | ||
| 245 | 0 | _aLa corrupción pública y privada: causas, efectos y mecanismos para combatirla | |
| 264 |
_a[Bogotá, Colombia] : _bUniversidad del Rosario, _c2017 |
||
| 300 | _a376 páginas | ||
| 490 | _aTextos de Jurisprudencia | ||
| 650 | _aPolitical Science (General) | ||
| 856 | _uhttps://public.digitaliapublishing.com/a/48428 | ||
| 942 | _cCF | ||
| 999 |
_c100848 _d100848 |
||